Firemné vzdelávanie

Vzdelávanie zamestnancov by malo viesť k zvýšeniu ich výkonu. 4 fázy cyklu firemného vzdelávania. Metódy vzdelávania. Vyhodnotenie vzdelávacích aktivít. Outdoorové programy. Gamifikácia. Duálne vzdelávanie.

Salvato in:
Dettagli Bibliografici
Autore principale: Jakubíková, Monika
Natura: Capitolo di libro
Lingua:slovacco
Soggetti:
Tags: Aggiungi Tag
Nessun Tag, puoi essere il primo ad aggiungerne!!

MARC

LEADER 00000naa a2200000 4500
001 0231228
005 20170605131513.1
041 0 |a slo 
044 |a SK 
245 1 0 |a Firemné vzdelávanie  |c Monika Jakubíková 
520 |a Vzdelávanie zamestnancov by malo viesť k zvýšeniu ich výkonu. 4 fázy cyklu firemného vzdelávania. Metódy vzdelávania. Vyhodnotenie vzdelávacích aktivít. Outdoorové programy. Gamifikácia. Duálne vzdelávanie. 
610 2 0 |a firmy 
610 2 0 |a vzdelávanie 
610 2 0 |a vzdelávanie ďalšie 
610 2 0 |a vzdelávanie duálne 
610 2 0 |a metódy 
100 1 |a Jakubíková, Monika